00600 2200205 4500001002100000005001500021008004100036020002200077035001900099082001100118090001500129100002300144700002100167700001800188245010100206250001000307260002700317300002900344650002100373INLIS00000000000373320210322160643210322||||||||| | ||| |||| ||  a978-979-493-178-3 0010-03210037330 a633.18 a633.18 FIR0 aPurdiyanti Pratiwi0 aMuhammad Firdaus0 aLukman M Baga00aSwasembada beras dari masa ke masa: Telaah efektivitas kebijakan dan perumusan strategi nasional aCet.1 aBogorbIPB Pressc2008 a128 hal. : Ilus. ; 24 cm 0aSwasembada beras